Alle 110 Städte Deutschlands mit R - Statistiken

Allgemein
  • Dieses Quiz wurde 55 mal gespielt
  • Das Durchschnittsergebnis liegt bei 25 aus 110
Antwortstatistiken
Landkreis Stadt % Korrekt
R*g*n Regen
93%
R*c*l*n*h**s*n Recklinghausen
84%
Oberpfalz Regensburg
84%
R*v*n*b**g Ravensburg
81%
R*u*l**g*n Reutlingen
81%
R**h Roth
81%
R*s*a*t Rastatt
79%
\ (kreisfrei) Rostock
77%
Ansbach Rothenburg o.d. Tauber
70%
Görlitz Rothenburg/O.L.
70%
R*t*w**l Rottweil
70%
Hersfeld-R*t**b**g Rotenburg a.d. Fulda
56%
R*t**b**g (Wümme) Rotenburg (Wümme)
56%
Groß-Gerau Rüsselsheim
56%
\ (kreisfrei) Remscheid
53%
R*n*sb**g-Eckernförde Rendsburg
53%
Steinfurt Rheine
53%
Saalfeld-R*d**s*a*t Rudolstadt
53%
\ (kreisfrei) Rosenheim
49%
Landshut Rottenburg a.d. Laaber
49%
Tübingen Rottenburg am Neckar
49%
Mettmann Ratingen
47%
Meißen Riesa
44%
Meißen Radebeul
42%
Bautzen Radeberg
37%
Meißen Radeburg
37%
Herzogtum Lauenburg Ratzeburg
37%
Rheingau-Taunus-Kreis Rüdesheim
37%
Ahrweiler Remagen
35%
Gütersloh Rheda-Wiedenbrück
33%
Schaumburg Rinteln
33%
Oberbergischer Kreis Radevormwald
28%
Ostprignitz-Ruppin Rheinsberg
28%
Konstanz Radolfzell
26%
Wesel Rheinberg
26%
Minden-Lübbecke Rahden
21%
Lörrach Rheinfelden
21%
Offenbach Rodgau
21%
Kleve Rees
19%
Hof Rehau
16%
Wetteraukreis Reichelsheim
16%
Görlitz Reichenbach/O.L.
16%
Vogtlandkreis Reichenbach (Vogtl.)
16%
Borken Rhede
16%
Mayen-Koblenz Rhens
16%
Biberach Riedlingen
16%
Offenbach Rödermark
16%
Rheinisch-Bergischer Kreis Rösrath
16%
Leipzig Rötha
16%
Groß-Gerau Raunheim
14%
Ortenaukreis Rheinau
14%
Rhein-Sieg-Kreis Rheinbach
14%
Groß-Gerau Riedstadt
14%
Gütersloh Rietberg
14%
Mecklenb. Seenplatte Röbel/Müritz
14%
Donnersbergkreis Rockenhausen
14%
Cham Roding
14%
Sächs. Schweiz-Osterzgebirge Rabenau
12%
Havelland Rathenow
12%
Darmstadt-Dieburg Reinheim
12%
Greiz Ronneburg
12%
Nürnberger Land Röthenbach
12%
Cham Rötz
12%
Donau-Ries Rain
9%
Rostock Rerik
9%
Vorpommern-Rügen Ribnitz-Damgarten
9%
Main-Spessart Rieneck
9%
Wartburgkreis Ruhla
9%
Kaiserslautern Ramstein-Miesenbach
7%
Stormarn Reinbek
7%
Ludwigsburg Remseck
7%
Böblingen Renningen
7%
Rhein-Hunsrück-Kreis Rheinböllen
7%
Karlsruhe Rheinstetten
7%
Wetteraukreis Rosbach
7%
Waldeck-Frankenberg Rosenthal
7%
Soest Rüthen
7%
Anhalt-Bitterfeld Raguhn-Jeßnitz
5%
Leipzig Regis-Breitingen
5%
Nienburg/Weser Rehburg-Loccum
5%
Nordwestmecklenburg Rehna
5%
Stormarn Reinfeld
5%
Havelland Rhinow
5%
Kelheim Riedenburg
5%
Mittelsachsen Rochlitz
5%
Vogelsbergkreis Romrod
5%
Zollernalbkreis Rosenfeld
5%
Mittelsachsen Roßwein
5%
Würzburg Röttingen
5%
Limburg-Weilburg Runkel
5%
Saale-Orla-Kreis Ranis
2%
Sömmerda Rastenberg
2%
Rhein-Neckar-Kreis Rauenberg
2%
Marburg-Biedenkopf Rauschenberg
2%
Neckar-Odenwald-Kreis Ravenstein
2%
Ortenaukreis Renchen
2%
Westerwaldkreis Rennerod
2%
Vorpommern-Rügen Richtenberg
2%
Schaumburg Rodenberg
2%
Coburg Rödental
2%
Vogtlandkreis Rodewisch
2%
Hildburghausen Römhild
2%
Hannover Ronnenberg
2%
Kyffhäuserkreis Roßleben-Wiehe
2%
Böblingen Rutesheim
2%
Westerwaldkreis Ransbach-Baumbach
0%
Heidekreis Rethem
0%
Südwestpfalz Rodalben
0%
Main-Spessart Rothenfels
0%
Oberspreewald-Lausitz Ruhland
0%
Keine übereinstimmenden Quizze gefunden
Verteilung der Resultate
Anzahl Personen mit jedem Resultat
Perzentil nach korrekt beantworteten Fragen
Ihre Resultats-Entwicklung
Sie haben dieses Quiz noch nicht gespielt